Blahoslavený Vasil Hopko (3. časť)

Bibliographic Details
Main Author: Hromník, Milan, 1938- (Author)
Format: Article
Language:Slovak
PhysicalDescription:Fotogr.
ISSN:0701-0192
Subjects:

MARC

LEADER 00000nab a2200000 a 4500
001 vtls000866688
003 SK-MaSNL
005 20260305044620.0
008 160322c2003 xo 0 slo
015 |a SNBRB2004/03-08912 
035 |a CLN000218240 
040 |a SNKBUCL  |b slo  |c SNKBUCL  |e AACR2 
041 0 |a slo 
044 |a xo  |c SK 
080 |a 2-051  |2 UDC-MRF-SK2 
080 |a 281.54  |2 UDC-MRF-SK2 
080 |a 929 Hopko, Vasiľ, bl.  |2 UDC-MRF-SK2 
100 1 |a Hromník, Milan,  |d 1938-  |4 aut  |9 204471 
245 1 0 |a Blahoslavený Vasil Hopko  |n (3. časť)  |c Milan Hromník 
300 |b Fotogr. 
600 1 7 |a Hopko, Vasiľ,  |c blahoslavený,  |d 1904-1976  |2 snkbucl  |9 26997 
655 7 |a články z novín a časopisov  |2 snkbucl  |9 267496 
773 0 |x 0701-0192  |t Posol  |g Roč. 82, č. 11 (2003), s. 24-25 
850 |a Slovenská národná knižnica v Martine 
852 |a SNK  |b KIS3GCP 
958 |a BX 
958 |a SK 
958 |a RBX 
999 |c 3359618  |d 3361548